Vegetation of the earth: in relation to climate and the eco physiological conditions

Saved in:
Bibliografiske detaljer
Hovedforfatter: Walter, Heinrich (Author)
Format: Bog
Sprog:engelsk
Udgivet: Nueva York Springer 1973
Serier:Heidelberg Science Library, 15
Fag:
Tags: Tilføj Tag
Ingen Tags, Vær først til at tagge denne postø!

MARC

LEADER 00000nam a2200000 a 4500
001 UCU3415
003 CL-VaPUC
008 960510e19730000US |||||||||||||||||eng|d
082 0 4 |a 581.5  |b WAL  |2 21 
100 0 |a Walter, Heinrich  |e author  |9 360343 
245 1 0 |a Vegetation of the earth: in relation to climate and the eco physiological conditions 
300 |a 237 p 
942 |c BK 
945 |d 19960510 00:00:00  |a rleighto 
260 |a Nueva York  |b Springer  |c 1973 
650 0 |a Botánica  |9 264202 
650 0 |a Vegetación  |9 264748 
650 0 |a Ecología vegetal   |9 264247 
650 0 |a Medio ambiente  |9 257625 
650 0 |a Ecosistemas  |9 261477 
650 0 |a Clima  |9 265281 
650 7 |a SABANAS  |2 CL-VaPUC  |9 357982 
650 7 |a ESTEPA  |2 CL-VaPUC  |9 360344 
650 7 |a TUNDRA  |2 CL-VaPUC  |9 358235 
583 |a last modification  |c 19960510 00:00:00  |k Rodrigo Vera 
490 0 |a Heidelberg Science Library, 15 
999 |c 247433  |d 247431 
952 |0 0  |1 0  |4 0  |6 581_500000000000000_WAL_1973  |7 0  |8 A  |9 263333  |a BIBCUR  |b BIBCUR  |d 2019-11-19  |i 3198367  |o 581.5 WAL 1973  |p 3198367  |r 2025-04-22  |w 2019-11-19  |y BK  |k BCB